000 00456nam a2200181Ia 4500
001 11846
005 20260306162858.0
008 260306t2020||||xx |||||||||||||| ||spa||
041 _aESP
082 _aHR 200
_bN° 14 2020 RAAAA
110 _aArchivo Arzobispal de Arequipa
245 0 _aRevista Archivo Arzobispal de Arequipa
260 _c2020
300 _a410 páginas :
_c21 cm.
650 _aGEN
654 _aCHU
942 _cREV
_dJUS
_fJUS
_2ddc
_n
999 _c11846
_d11846